[Event "Wch FIDE Online U16 Girls Asia qual"]
[Site "Tornelo INT"]
[Date "2020.12.13"]
[Round "6"]
[White "Noshin, Anjum"]
[Black "Mapa, MMWH"]
[Result "1-0"]
[WhiteElo "1902"]
[BlackElo "1429"]
[PlyCount "129"]
[EventDate "2020.12.11"]
[EventType "swiss (rapid)"]
[EventRounds "7"]
[EventCountry "ISS"]
[SourceTitle "EXT 2022"]
[Source "ChessBase"]
[SourceDate "2021.10.06"]
[SourceVersion "1"]
[SourceVersionDate "2021.10.06"]
[SourceQuality "1"]

1. e4 c5 2. Nf3 Nc6 3. d4 cxd4 4. Nxd4 Nf6 5. Nc3 e5 6. Ndb5 a6 7. Nd6+ Bxd6 8. Qxd6 Qe7 9. Qxe7+ Nxe7 10. Bg5 Neg8 11. 0-0-0 Ng4 12. Bh4 Ne7 13. h3 Nh6 14. Bxe7 Kxe7 15. Nd5+ Kf8 16. Nb6 Rb8 17. Nxd7+ Bxd7 18. Rxd7 Ke8 19. Rd5 f6 20. Bc4 Nf7 21. Rhd1 Rd8 22. a4 Ke7 23. Rxd8 Rxd8 24. Bxf7 Rxd1+ 25. Kxd1 Kxf7 26. Kd2 Ke6 27. Kd3 Kd6 28. b4 b6 29. Kc4 g5 30. g4 Kc6 31. b5+ axb5+ 32. axb5+ Kd6 33. Kb4 Kd7 34. c4 Kd6 35. c5+ bxc5+ 36. Kc4 h6 37. f3 Kc7 38. Kxc5 Kb7 39. Kd6 Kb6 40. Ke6 Kxb5 41. Kxf6 Kc5 42. Kxe5 Kc6 43. Kf6 Kd6 44. e5+ Kd7 45. Kg6 Ke6 46. Kxh6 Kxe5 47. Kxg5 Ke6 48. h4 Kf7 49. h5 Kg7 50. f4 Kh7 51. f5 Kg7 52. f6+ Kf7 53. h6 Kg8 54. Kg6 Kh8 55. g5 Kg8 56. f7+ Kf8 57. h7 Ke7 58. h8Q Kd6 59. Qd8+ Kc5 60. f8Q+ Kb5 61. Qa3 Kc6 62. Qc3+ Kb7 63. Qdc8+ Ka7 64. Q8c7+ Ka6 65. Q3c6# 1-0

[Event "SRI-ch (Women)"]
[Site "Colombo"]
[Date "2020.09.19"]
[Round "8"]
[White "Koswatte, CT."]
[Black "Mapa, MMWH"]
[Result "1-0"]
[WhiteElo "1738"]
[BlackElo "1563"]
[PlyCount "93"]
[EventDate "2020.09.11"]
[EventType "tourn"]
[EventRounds "13"]
[EventCountry "SRI"]
[SourceTitle "CBM 198 Extra"]
[Source "ChessBase"]
[SourceDate "2020.11.30"]
[SourceVersion "1"]
[SourceVersionDate "2020.11.30"]
[SourceQuality "1"]

1. e4 c5 2. c3 d5 3. exd5 Qxd5 4. d4 cxd4 5. cxd4 Nc6 6. Nf3 Bg4 7. Nc3 Qd8 8. d5 Nb8 9. Bb5+ Bd7 10. Qb3 Nf6 11. Ne5 a6 12. Bd3 g6 13. Qxb7 Bg7 14. Qxa8 Qc7 15. Nxd7 Nfxd7 16. d6 Qxd6 17. 0-0 Bxc3 18. bxc3 Qxd3 19. Bh6 Qd6 20. Qb7 Qc6 21. Rab1 Qxb7 22. Rxb7 f6 23. Bf4 Kf7 24. Rd1 e5 25. Be3 Ke6 26. Ba7 h5 27. c4 g5 28. c5 Rc8 29. Rd6+ Ke7 30. Bxb8 Rxb8 31. Rdxd7+ Ke8 32. Rh7 Rxb7 33. Rxb7 f5 34. c6 Kd8 35. Rh7 f4 36. Rxh5 e4 37. Rxg5 e3 38. fxe3 fxe3 39. h4 Kc7 40. h5 Kxc6 41. h6 e2 42. Kf2 a5 43. h7 a4 44. h8Q a3 45. Qf6+ Kd7 46. Rg7+ Kc8 47. Qf8# 1-0

[Event "SRI-ch (Women)"]
[Site "Colombo"]
[Date "2020.09.14"]
[Round "6"]
[White "Tharushi, THD Niklesha"]
[Black "Mapa, MMWH"]
[Result "1/2-1/2"]
[WhiteElo "1655"]
[BlackElo "1563"]
[PlyCount "86"]
[EventDate "2020.09.11"]
[EventType "tourn"]
[EventRounds "13"]
[EventCountry "SRI"]
[SourceTitle "CBM 198 Extra"]
[Source "ChessBase"]
[SourceDate "2020.11.30"]
[SourceVersion "1"]
[SourceVersionDate "2020.11.30"]
[SourceQuality "1"]

1. d4 d5 2. c4 e6 3. Nc3 c6 4. e4 dxe4 5. Nxe4 Bb4+ 6. Nc3 c5 7. a3 Ba5 8. Be3 Nf6 9. dxc5 Bxc3+ 10. bxc3 Qxd1+ 11. Kxd1 Ng4 12. Bd4 e5 13. h3 exd4 14. hxg4 dxc3 15. f3 Be6 16. Kc2 Nd7 17. Nh3 Nxc5 18. Ng5 h6 19. Nxe6 Nxe6 20. Kxc3 0-0-0 21. Bd3 Nf4 22. Bf5+ Kb8 23. Ra2 Rhe8 24. Be4 Ne6 25. Rh5 Rc8 26. Rb2 Re7 27. Rhb5 Nc5 28. Kd4 Nxe4 29. fxe4 Rd8+ 30. Rd5 Rde8 31. Re2 b6 32. g5 hxg5 33. Rxg5 f6 34. Rd5 Kc7 35. g4 Kc6 36. g5 Re5 37. g6 a6 38. a4 R8e7 39. Kd3 Re8 40. Kd4 R8e7 41. Re3 Re8 42. Kd3 R8e7 43. Kd4 Re8 1/2-1/2

[Event "SRI-chB (Women)"]
[Site "Maharaga"]
[Date "2020.03.14"]
[Round "8.5"]
[White "Tharushi, THD Niklesha"]
[Black "Mapa, MMWH"]
[Result "1-0"]
[WhiteElo "1615"]
[BlackElo "1535"]
[PlyCount "109"]
[EventDate "2020.03.06"]
[EventType "swiss"]
[EventRounds "11"]
[EventCountry "SRI"]
[SourceTitle "CBM 195 Extra"]
[Source "ChessBase"]
[SourceDate "2020.05.31"]
[SourceVersion "1"]
[SourceVersionDate "2020.05.31"]
[SourceQuality "1"]

1. d4 d5 2. c4 e6 3. Nc3 c6 4. e4 dxe4 5. Nxe4 Bb4+ 6. Nc3 c5 7. Be3 Nf6 8. a3 Ba5 9. dxc5 Bxc3+ 10. bxc3 Qxd1+ 11. Rxd1 Nc6 12. f3 e5 13. Rb1 Rb8 14. Bd3 Be6 15. Bf2 h6 16. Ne2 Rd8 17. Nc1 Rd7 18. 0-0 Kd8 19. Re1 Kc8 20. Bg3 Rhd8 21. Bf1 Rd1 22. Nb3 Rxb1 23. Rxb1 Nh5 24. Re1 Nxg3 25. hxg3 a5 26. a4 Bf5 27. Rc1 g5 28. Kf2 Kd7 29. Ke3 Ke6 30. Nd2 Rc8 31. g4 Bg6 32. Bd3 Bxd3 33. Kxd3 Rd8+ 34. Ke3 Rc8 35. Ne4 Ne7 36. Rb1 Rc7 37. Rb6+ Nc6 38. Nd6 f6 39. Nxb7 Ke7 40. Ke4 Nb8 41. Kd5 Nd7 42. Re6+ Kf7 43. Nd8+ Kg6 44. Rc6 Rxc6 45. Kxc6 e4 46. fxe4 Ne5+ 47. Kd5 Nxg4 48. c6 Ne3+ 49. Kc5 Nxg2 50. c7 h5 51. c8Q h4 52. Qf5+ Kh5 53. Ne6 Nf4 54. Nxf4+ Kh6 55. Qg6# 1-0

[Event "SRI-ch (Women)"]
[Site "Nugegoda"]
[Date "2019.07.07"]
[Round "11"]
[White "Wickramasinghe, Thesandi"]
[Black "Mapa, MMWH"]
[Result "1-0"]
[WhiteElo "1297"]
[BlackElo "1412"]
[PlyCount "81"]
[EventDate "2019.06.29"]
[EventType "tourn"]
[EventRounds "13"]
[EventCountry "SRI"]
[SourceTitle "EXT 2020"]
[Source "ChessBase"]
[SourceDate "2019.10.17"]
[SourceVersion "1"]
[SourceVersionDate "2019.10.17"]
[SourceQuality "1"]

1. e4 c5 2. Be2 Nc6 3. f4 g6 4. d3 e6 5. Nf3 Bg7 6. c3 Nge7 7. Be3 b6 8. 0-0 d5 9. e5 d4 10. Bf2 dxc3 11. bxc3 Bb7 12. d4 cxd4 13. cxd4 Nd5 14. Bh4 Qd7 15. Qd2 0-0 16. Na3 Rfc8 17. Nc4 Bf8 18. Rab1 Bb4 19. Rxb4 Ncxb4 20. a3 Ba6 21. f5 exf5 22. Qh6 f6 23. exf6 Nxf6 24. Bxf6 Bxc4 25. Ne5 Qxd4+ 26. Kh1 Rc7 27. Bxc4+ Nd5 28. Nd7 Qxf6 29. Nxf6+ Kf7 30. Bxd5+ Kxf6 31. Bxa8 Rd7 32. Qf8+ Rf7 33. Qd6+ Kg7 34. Re1 h5 35. Re7 h4 36. Qe5+ Kh6 37. Rxf7 h3 38. Qf4+ g5 39. Qd6+ Kh5 40. Rh7+ Kg4 41. Qg3# 1-0

[Event "SRI-ch (Women)"]
[Site "Nugegoda"]
[Date "2019.07.06"]
[Round "9"]
[White "Mapa, MMWH"]
[Black "Methmani, Nelunika"]
[Result "0-1"]
[WhiteElo "1412"]
[BlackElo "1623"]
[PlyCount "140"]
[EventDate "2019.06.29"]
[EventType "tourn"]
[EventRounds "13"]
[EventCountry "SRI"]
[SourceTitle "EXT 2020"]
[Source "ChessBase"]
[SourceDate "2019.10.17"]
[SourceVersion "1"]
[SourceVersionDate "2019.10.17"]
[SourceQuality "1"]

1. e4 c5 2. Nf3 Nc6 3. d4 cxd4 4. Nxd4 Nf6 5. Nc3 a6 6. f4 d6 7. Nxc6 bxc6 8. e5 Nd7 9. exd6 exd6 10. Bd3 Nc5 11. 0-0 Nxd3 12. Qxd3 Be7 13. Be3 0-0 14. Ne2 Rb8 15. Rab1 d5 16. Nd4 Qd7 17. Nf3 c5 18. Ne5 Qe6 19. f5 Qxe5 20. Bf4 Bxf5 21. Qd2 Qd4+ 22. Qxd4 cxd4 23. Bxb8 Bxc2 24. Rbe1 Bb4 25. Rc1 Bd3 26. Rfd1 Be2 27. Rxd4 Bc4 28. Ba7 Ra8 29. a3 Be7 30. Bb6 Rb8 31. Re1 Kf8 32. Rxc4 dxc4 33. Bd4 Rd8 34. Bc3 Bc5+ 35. Kf1 Bd4 36. Rd1 Bf6 37. Rxd8+ Bxd8 38. Ke2 Bc7 39. g3 f6 40. Ke3 Ke7 41. Kf3 Be5 42. Ke4 Ke6 43. Bxe5 fxe5 44. g4 g5 45. h3 h6 46. a4 a5 47. Ke3 Kd5 48. Kd2 Kd4 49. Ke2 Ke4 50. Kd2 Kf3 51. Kc3 e4 52. Kxc4 e3 53. Kb5 e2 54. Kxa5 e1Q+ 55. b4 Kg3 56. Kb5 Kxh3 57. a5 Kxg4 58. a6 Qe4 59. Kc5 h5 60. b5 Qe7+ 61. Kb6 Qd6+ 62. Kb7 Qd5+ 63. Kb6 h4 64. a7 h3 65. Ka6 Qa2+ 66. Kb7 h2 67. b6 h1Q+ 68. Kc7 Qa8 69. Kd6 Q2d5+ 70. Ke7 Qad8# 0-1

[Event "SRI-chB (Women)"]
[Site "Narahenpita"]
[Date "2017.05.20"]
[Round "8"]
[White "Kodikara, KKM Sachintha"]
[Black "Mapa, MMWH"]
[Result "1-0"]
[WhiteElo "1631"]
[BlackElo "1225"]
[PlyCount "89"]
[EventDate "2017.05.12"]
[EventType "swiss"]
[EventRounds "10"]
[EventCountry "SRI"]
[SourceTitle "CBM 178 Extra"]
[Source "ChessBase"]
[SourceDate "2017.06.22"]
[SourceVersion "1"]
[SourceVersionDate "2017.06.22"]
[SourceQuality "1"]

1. d4 Nf6 2. Nf3 d5 3. e3 a6 4. Bd3 Bg4 5. Nbd2 c5 6. b3 Nc6 7. c3 e6 8. Bb2 Be7 9. h3 Bh5 10. a3 b5 11. c4 Qb6 12. Qc2 Rb8 13. cxd5 exd5 14. dxc5 Qxc5 15. Qxc5 Bxc5 16. Bxf6 gxf6 17. Rc1 Bxf3 18. Nxf3 Ne5 19. Nxe5 Bxa3 20. Nc6 Rc8 21. Rc2 Kd7 22. Bf5+ Kd6 23. Bxc8 Rxc8 24. Nd4 Bb4+ 25. Ke2 Rxc2+ 26. Nxc2 a5 27. Nxb4 axb4 28. Ra1 f5 29. Ra7 f6 30. Rxh7 Kc5 31. Rf7 d4 32. Rxf6 dxe3 33. Kxe3 f4+ 34. Rxf4 Kd5 35. h4 Kc5 36. h5 Kd5 37. h6 Kc5 38. h7 Kd5 39. h8Q Kc5 40. Qe5+ Kc6 41. Rf6+ Kd7 42. Qe6+ Kd8 43. Qg8+ Ke7 44. Qg7+ Ke8 45. Rf8# 1-0